Statistical design of experimental trials in equipment evaluation /
Saved in:
| 主要作者: | |
|---|---|
| 格式: | Thesis 圖書 |
| 語言: | English |
| 出版: |
1987.
|
| 主題: | |
| 標簽: |
添加標簽
沒有標簽, 成為第一個標記此記錄!
|
| LEADER | 00737cam a2200217 4500 | ||
|---|---|---|---|
| 001 | u79849 | ||
| 003 | SIRSI | ||
| 008 | 880513s1987 si v 00 1 eng m | ||
| 035 | |a AAI-6887 | ||
| 040 | |a UMM | ||
| 090 | |a TS156 |b Yeo | ||
| 100 | 1 | 0 | |a Yeo, Stephen Khiang Nguan. |
| 245 | 1 | 0 | |a Statistical design of experimental trials in equipment evaluation / |c by Stephen Yeo Khiang Nguan. |
| 260 | |c 1987. | ||
| 300 | |a 1 v. (various pagings) ; |c 29 cm. | ||
| 502 | |a Dissertation (M.Sc.) -- National University of Singapore, 1987. | ||
| 504 | |a Bibliography: leaves x-xi. | ||
| 650 | 0 | |a Quality control |x Statistical methods. | |
| 948 | |a 17/03/1991 |b 27/11/2000 | ||
| 596 | |a 1 | ||
| 999 | |a TS156 YEO |w LC |c 1 |i A010434621 |l STACKS |m P01UTAMA |r Y |s Y |t TESIS |u 19/2/1992 | ||
